000 00475nam a2200193Ia 4500
008 170705s9999 xx 000 0 und d
020 _a9780439429368
245 _aButterfly battle /
245 _cNancy White ; illustrated by Hope Gangloff.
260 _aNew York :
260 _bScholastic,
260 _c2003
300 _a75 pages :
300 _bcolor illustration ;
300 _c19cm.
440 _aThe magic school bus ;
440 _v16
500 _a630
999 _c336196
_d336196